000 00466cam a2200181ua 4500
020 _c0.50
041 _amal
_h
082 _a894.8121
_bNAR/BA
100 _aNarayana Menon, Vallathol.
245 _aBandhanasthanaya Anirudhan /
_cVallathol Narayanamenon.
_hTextual Documents
250 _a28 /
_b.
260 _aCheruthuruthy :
_bVallathol Granthalayam ,
_c1962.
300 _a ; .
365 _a0.50
504 _a
942 _cBK
999 _c4149
_d4149